The Brhadaranyaka Upanisad : (Record no. 893407)

MARC details
000 -LEADER
fixed length control field 01272nam a2200373 a 4500
001 - CONTROL NUMBER
control field vtls001440902
003 - CONTROL NUMBER IDENTIFIER
control field NLI
005 - DATE AND TIME OF LATEST TRANSACTION
control field 20210627122304.0
008 - FIXED-LENGTH DATA ELEMENTS--GENERAL INFORMATION
fixed length control field 121130m1993uuuuii 000 0 eng
020 ## - INTERNATIONAL STANDARD BOOK NUMBER
International Standard Book Number 8124600074 (v.1)
Terms of availability Rs. 300.00
020 ## - INTERNATIONAL STANDARD BOOK NUMBER
International Standard Book Number 8124600082 (set)
039 #9 - LEVEL OF BIBLIOGRAPHIC CONTROL AND CODING DETAIL [OBSOLETE]
-- 201211301657
-- VLOAD
040 ## - CATALOGING SOURCE
Original cataloging agency NLI
Language of cataloging eng
Transcribing agency Datasoft_GENG
Description conventions AACR2
041 0# - LANGUAGE CODE
Language code of text/sound track or separate title eng
044 ## - COUNTRY OF PUBLISHING/PRODUCING ENTITY CODE
MARC country code ii
082 04 - DEWEY DECIMAL CLASSIFICATION NUMBER
Classification number 294.59218
245 04 - TITLE STATEMENT
Title The Brhadaranyaka Upanisad :
Remainder of title with original text in Roman transliteration, English translation and appendices /
Statement of responsibility, etc. commentary by Nitya Chaitanya Yati
260 ## - PUBLICATION, DISTRIBUTION, ETC.
Place of publication, distribution, etc. New Delhi :
Name of publisher, distributor, etc. D. K. Printworld,
Date of publication, distribution, etc. 1993-
300 ## - PHYSICAL DESCRIPTION
Extent -v. ;
Dimensions 22 cm.
440 #0 - SERIES STATEMENT/ADDED ENTRY--TITLE
Title Rediscovering Indian literary classics ;
Volume/sequential designation no.2
9 (RLIN) 969349
500 ## - GENERAL NOTE
General note Library has vol.1
505 0# - FORMATTED CONTENTS NOTE
Formatted contents note Vol.1 Mandhu kanda
630 00 - SUBJECT ADDED ENTRY--UNIFORM TITLE
Uniform title Upanishads.
Name of part/section of a work Brhadaranyakopanisad
9 (RLIN) 1005849
650 #0 - SUBJECT ADDED ENTRY--TOPICAL TERM
Topical term or geographic name entry element Hinduism
General subdivision Rituals
9 (RLIN) 687172
650 #0 - SUBJECT ADDED ENTRY--TOPICAL TERM
Topical term or geographic name entry element Bhagavadgita
General subdivision Criticism, interpretation
9 (RLIN) 1005850
650 #0 - SUBJECT ADDED ENTRY--TOPICAL TERM
Topical term or geographic name entry element Hinduism
General subdivision Sacred book
9 (RLIN) 692260
700 1# - ADDED ENTRY--PERSONAL NAME
Personal name Yati, Nitya Chaitanya,
Relationship comm
9 (RLIN) 1005851
887 ## - NON-MARC INFORMATION FIELD
Content of non-MARC field
901 ## - LOCAL DATA ELEMENT A, LDA (RLIN)
a DB67895
b 05.01.1996
9 v.1
902 ## - LOCAL DATA ELEMENT B, LDB (RLIN)
a E 294.59218 B 759
904 ## - LOCAL DATA ELEMENT D, LDD (RLIN)
l 2499
949 ## - LOCAL PROCESSING INFORMATION (OCLC)
-- VIRTUAITEM
-- 10000
-- 100
6 DBA000067895ENG
9 v.1
942 ## - ADDED ENTRY ELEMENTS (KOHA)
Source of classification or shelving scheme Dewey Decimal Classification
Koha item type Books
Holdings
Withdrawn status Lost status Damaged status Not for loan Collection code Home library Current library Shelving location Date acquired Total Checkouts Full call number Barcode Date last seen Price effective from Koha item type
        New English National Library of India National Library of India New English - Main Stack Division     E 294.59218 B 759 DBA000067895ENG 27/06/2021 27/06/2021 Books
                                                                           
web counter

Copyright ©2020 The National Library of India, Govt. of India ↔ Hosted by NVLI, MOC ↔ Technology and Design by National Library of India, Ministry of Culture, Govt. of India